000 00455nam a22001697a 4500
005 20160513144232.0
008 160513b xxu||||| |||| 00| 0 eng d
020 _a81-259-1532-X
041 _aeng
082 _b2081
100 _aM.S. Raju Dominique Xardel
_9589
245 _aConsumer Behavior Concept, Applications and Cases
260 _aNew Delhi
_bVikas Publishing House (P) Ltd.
_c2005
300 _a341
650 _aManagement
_9241
942 _cBK
999 _c761
_d761